Shakespeare as a dramatic artist ; a popular illustration of the principles of scientific criticism /

Bibliographic Details
Main Author: Moulton, Richard G. (Richard Green), 1849-1924
Format: Book
Language:English
Published: Oxford : The Clarendon press, 1906.
Edition:3d ed.: rev. and enl.
Subjects:

MARC

Tag First Indicator Second Indicator Subfields
LEADER 00000cam a2200000 4500
001 in00000021262
005 20151007062243.0
008 751202s1906 enk 00010 eng
010 |a  32032818  
035 |a (OCoLC)01870271 
035 |9 AAD4355AM 
040 |a DLC  |c MUB  |d TXA  |d UtOrBLW 
049 |a TXAM  |c [367272] 
090 |a PR2995  |b .M7 1906 
092 |a 822.33  |b DM927a, 1906 
100 1 |a Moulton, Richard G.  |q (Richard Green),  |d 1849-1924. 
245 1 0 |a Shakespeare as a dramatic artist ;  |b a popular illustration of the principles of scientific criticism /  |c by Richard G. Moulton. 
250 |a 3d ed.: rev. and enl. 
264 1 |a Oxford :  |b The Clarendon press,  |c 1906. 
300 |a xiv pages, 1 ., 443 pages ;  |c 20 cm. 
336 |a text  |b txt  |2 rdacontent 
337 |a unmediated  |b n  |2 rdamedia 
338 |a volume  |b nc  |2 rdacarrier 
505 0 |a Introduction. Plea for an inductive science of literary criticism.--pt. 1. Shakespeare considered as a dramatic artist, in fifteen studies.--pt. 2. Survey of dramatic criticism as an inductive science. 
600 1 0 |a Shakespeare, William,  |d 1564-1616  |x Technique. 
650 0 |a Drama  |x Technique. 
999 |a MARS 
999 f f |s ddac5de4-eb9f-3a50-a09a-c74a76ea7bdf  |i 9f1efdb7-5fa6-3b1f-b67e-3f1509bb29a1  |t 0 
952 f f |p normal  |a Texas A&M University  |b College Station  |c Sterling C. Evans Library  |d Evans: Library Stacks  |t 0  |e PR2995 .M7 1906  |h Library of Congress classification  |i unmediated -- volume  |m A14801306464 
998 f f |a PR2995 .M7 1906  |t 0  |l Evans: Library Stacks